[Event "escc2023_65"]
[Site "?"]
[Date "2023.05.30"]
[Round "5.1"]
[White "Nunn, John D M"]
[Black "Kierzek, Matthias"]
[Result "1-0"]
[BlackElo "2163"]
[WhiteElo "2579"]
[LiveChessVersion "1.4.8"]

1. e4 {[%clk 1:30:55]} c6 {[%clk 1:30:55]} 2. d4 {[%clk 1:31:16]} d5
{[%clk 1:31:19]} 3. e5 {[%clk 1:31:40]} Bf5 {[%clk 1:31:41]} 4. Nf3
{[%clk 1:32:01]} e6 {[%clk 1:32:03]} 5. Be2 {[%clk 1:32:18]} c5 {[%clk 1:32:21]}
6. Be3 {[%clk 1:32:11]} Qb6 {[%clk 1:32:44]} 7. Nc3 {[%clk 1:30:00]} Nc6
{[%clk 1:33:02]} 8. dxc5 {[%clk 1:29:07]} Bxc5 {[%clk 1:32:34]} 9. Bxc5
{[%clk 1:29:31]} Qxc5 {[%clk 1:33:00]} 10. Nb5 {[%clk 1:29:51]} Kf8
{[%clk 1:33:14]} 11. O-O {[%clk 1:30:06]} Nge7 {[%clk 1:21:30]} 12. Nbd4
{[%clk 1:21:41]} Bg4 {[%clk 1:06:35]} 13. Re1 {[%clk 1:17:00]} Nxd4
{[%clk 1:03:27]} 14. Nxd4 {[%clk 1:17:06]} Bxe2 {[%clk 1:03:48]} 15. Rxe2
{[%clk 1:17:20]} Nc6 {[%clk 1:03:35]} 16. c3 {[%clk 1:09:32]} Ke7
{[%clk 1:01:42]} 17. Re3 {[%clk 0:59:14]} Rac8 {[%clk 0:53:09]} 18. Nxc6+
{[%clk 0:50:28]} bxc6 {[%clk 0:52:35]} 19. Qg4 {[%clk 0:50:35]} Rcg8
{[%clk 0:52:04]} 20. b4 {[%clk 0:47:49]} Qb6 {[%clk 0:50:02]} 21. c4
{[%clk 0:46:39]} g5 {[%clk 0:42:58]} 22. cxd5 {[%clk 0:43:36]} cxd5
{[%clk 0:43:20]} 23. Rc1 {[%clk 0:43:21]} h5 {[%clk 0:38:57]} 24. Qf3
{[%clk 0:43:28]} Rg6 {[%clk 0:30:53]} 25. Rec3 {[%clk 0:43:02]} Rh7
{[%clk 0:31:09]} 26. Rc8 {[%clk 0:42:21]} 1-0

[Event "escc2023_65"]
[Site "?"]
[Date "2023.05.30"]
[Round "5.2"]
[White "Ftacnik, Lubomir"]
[Black "Pomes Marcet, Joan"]
[Result "1-0"]
[BlackElo "2239"]
[WhiteElo "2456"]
[LiveChessVersion "1.4.8"]

1. Nf3 {[%clk 1:28:56]} d5 {[%clk 1:30:43]} 2. d4 {[%clk 1:28:57]} Nf6
{[%clk 1:30:53]} 3. c4 {[%clk 1:29:18]} c6 {[%clk 1:31:16]} 4. e3
{[%clk 1:29:39]} Bf5 {[%clk 1:30:55]} 5. Nc3 {[%clk 1:29:59]} e6 {[%clk 1:31:06]}
6. Nh4 {[%clk 1:30:19]} Be4 {[%clk 1:30:09]} 7. f3 {[%clk 1:30:34]} Bg6
{[%clk 1:30:29]} 8. Bd2 {[%clk 1:30:29]} Nbd7 {[%clk 1:30:01]} 9. cxd5
{[%clk 1:27:04]} exd5 {[%clk 1:27:49]} 10. g3 {[%clk 1:23:22]} Bd6
{[%clk 1:21:07]} 11. Kf2 {[%clk 1:21:12]} O-O {[%clk 1:16:26]} 12. Nxg6
{[%clk 1:16:44]} fxg6 {[%clk 1:14:42]} 13. Kg2 {[%clk 1:15:28]} Qb6
{[%clk 1:08:19]} 14. Rb1 {[%clk 1:08:41]} a5 {[%clk 1:03:01]} 15. Be2
{[%clk 1:04:26]} Rae8 {[%clk 1:00:15]} 16. Re1 {[%clk 1:02:58]} Kh8
{[%clk 0:55:48]} 17. Qc2 {[%clk 0:56:51]} Re7 {[%clk 0:53:28]} 18. a3
{[%clk 0:52:36]} Qa7 {[%clk 0:45:59]} 19. b4 {[%clk 0:45:05]} axb4
{[%clk 0:40:46]} 20. axb4 {[%clk 0:45:33]} b5 {[%clk 0:38:43]} 21. Nd1
{[%clk 0:43:25]} Qb6 {[%clk 0:34:54]} 22. Rc1 {[%clk 0:41:43]} Nb8
{[%clk 0:34:45]} 23. Nf2 {[%clk 0:40:47]} Rfe8 {[%clk 0:31:41]} 24. Nd3
{[%clk 0:39:15]} Qc7 {[%clk 0:24:44]} 25. Nc5 {[%clk 0:37:06]} Nfd7
{[%clk 0:23:48]} 26. Bd3 {[%clk 0:28:33]} Nb6 {[%clk 0:19:30]} 27. e4
{[%clk 0:28:15]} Nc4 {[%clk 0:14:10]} 28. e5 {[%clk 0:20:57]} Bxc5
{[%clk 0:14:15]} 29. bxc5 {[%clk 0:21:24]} Nxd2 {[%clk 0:11:07]} 30. Qxd2
{[%clk 0:21:51]} Nd7 {[%clk 0:11:25]} 31. f4 {[%clk 0:15:17]} Nf8
{[%clk 0:07:57]} 32. Ra1 {[%clk 0:15:03]} Ne6 {[%clk 0:06:31]} 33. Bc2
{[%clk 0:15:27]} Rf8 {[%clk 0:06:21]} 34. h4 {[%clk 0:15:28]} Qc8
{[%clk 0:06:27]} 35. Rf1 {[%clk 0:15:08]} Nd8 {[%clk 0:04:15]} 36. Qd1
{[%clk 0:11:56]} Nf7 {[%clk 0:03:11]} 37. h5 {[%clk 0:11:05]} gxh5
{[%clk 0:02:17]} 38. Qxh5 {[%clk 0:10:49]} Nh6 {[%clk 0:02:42]} 39. f5
{[%clk 0:10:41]} Rg8 {[%clk 0:02:27]} 40. Rh1 {[%clk 0:08:15]} b4
{[%clk 0:01:27]} 41. f6 {[%clk 0:21:41]} Rb7 {[%clk 0:30:55]} 42. Raf1
{[%clk 0:20:21]} Qa8 {[%clk 0:27:42]} 43. Bxh7 {[%clk 0:16:48]} 1-0

[Event "escc2023_65"]
[Site "?"]
[Date "2023.05.30"]
[Round "5.3"]
[White "Renman, Nils-Gustaf"]
[Black "Fernandez Garcia, Jose Luis"]
[Result "0-1"]
[BlackElo "2370"]
[WhiteElo "2331"]
[LiveChessVersion "1.4.8"]

1. d4 {[%clk 1:30:58]} Nf6 {[%clk 1:24:45]} 2. c4 {[%clk 1:31:06]} g6
{[%clk 1:25:06]} 3. Nc3 {[%clk 1:31:17]} d5 {[%clk 1:25:29]} 4. cxd5
{[%clk 1:31:33]} Nxd5 {[%clk 1:25:51]} 5. e4 {[%clk 1:31:58]} Nxc3
{[%clk 1:26:13]} 6. bxc3 {[%clk 1:32:26]} Bg7 {[%clk 1:26:37]} 7. Qa4+
{[%clk 1:32:35]} Qd7 {[%clk 1:25:15]} 8. Qa3 {[%clk 1:32:35]} Qd6
{[%clk 1:22:25]} 9. Nf3 {[%clk 1:32:28]} Qxa3 {[%clk 1:20:42]} 10. Bxa3
{[%clk 1:32:48]} Bg4 {[%clk 1:21:10]} 11. Be2 {[%clk 1:31:19]} Nd7
{[%clk 1:20:14]} 12. h3 {[%clk 1:23:59]} Bxf3 {[%clk 1:19:38]} 13. Bxf3
{[%clk 1:24:27]} e5 {[%clk 1:19:57]} 14. O-O-O {[%clk 1:13:59]} Nb6
{[%clk 1:15:12]} 15. Kc2 {[%clk 1:09:46]} O-O-O {[%clk 1:03:56]} 16. Be7
{[%clk 1:05:25]} Rde8 {[%clk 1:03:33]} 17. Bg5 {[%clk 1:02:58]} h6
{[%clk 1:03:35]} 18. Bc1 {[%clk 1:03:17]} h5 {[%clk 1:03:57]} 19. Kb3
{[%clk 1:02:17]} Bh6 {[%clk 1:02:46]} 20. Bb2 {[%clk 1:00:49]} Bg7
{[%clk 1:03:11]} 21. a4 {[%clk 0:55:07]} a5 {[%clk 1:03:07]} 22. Rhe1
{[%clk 0:52:17]} Rd8 {[%clk 0:59:43]} 23. h4 {[%clk 0:49:34]} Kb8
{[%clk 0:58:19]} 24. g3 {[%clk 0:48:54]} Rhe8 {[%clk 0:56:29]} 25. Bg2
{[%clk 0:47:38]} exd4 {[%clk 0:41:44]} 26. cxd4 {[%clk 0:46:52]} c5
{[%clk 0:42:08]} 27. e5 {[%clk 0:30:43]} c4+ {[%clk 0:29:05]} 28. Kc2
{[%clk 0:31:11]} Nxa4 {[%clk 0:29:33]} 29. Ba3 {[%clk 0:31:09]} Ka7
{[%clk 0:16:35]} 30. Rb1 {[%clk 0:28:50]} Rd7 {[%clk 0:09:24]} 31. Rb5
{[%clk 0:28:21]} Ka6 {[%clk 0:08:49]} 32. Reb1 {[%clk 0:28:05]} b6
{[%clk 0:09:13]} 33. Bc6 {[%clk 0:23:32]} Red8 {[%clk 0:09:42]} 34. Bxd7
{[%clk 0:23:22]} Rxd7 {[%clk 0:10:11]} 35. Bd6 {[%clk 0:23:15]} Bf6
{[%clk 0:10:31]} 36. f4 {[%clk 0:21:50]} Bd8 {[%clk 0:09:56]} 37. d5
{[%clk 0:15:48]} f6 {[%clk 0:09:17]} 38. Bb8 {[%clk 0:08:15]} fxe5
{[%clk 0:08:02]} 39. Bxe5 {[%clk 0:08:23]} Nc5 {[%clk 0:06:10]} 40. Rxc5
{[%clk 0:08:03]} bxc5 {[%clk 0:06:36]} 41. d6 {[%clk 0:06:55]} Rb7
{[%clk 0:06:28]} 42. Re1 {[%clk 0:04:31]} Kb5 {[%clk 0:01:16]} 43. Bc3
{[%clk 0:02:34]} Kc6 {[%clk 0:30:16]} 44. Re8 {[%clk 0:32:58]} Kd7
{[%clk 0:26:46]} 45. Rg8 {[%clk 0:33:10]} a4 {[%clk 0:27:00]} 46. Rxg6
{[%clk 0:33:10]} a3 {[%clk 0:24:41]} 47. f5 {[%clk 0:29:18]} Rb3 {[%clk 0:24:24]}
48. Be5 {[%clk 0:25:16]} Re3 {[%clk 0:21:09]} 49. Rg7+ {[%clk 0:19:14]} Kc6
{[%clk 0:21:14]} 50. Bf4 {[%clk 0:15:45]} Re2+ {[%clk 0:18:41]} 51. Kd1
{[%clk 0:16:03]} a2 {[%clk 0:18:33]} 52. Ra7 {[%clk 0:15:59]} Rf2
{[%clk 0:18:34]} 53. Ke1 {[%clk 0:13:01]} Rg2 {[%clk 0:17:04]} 54. Be5
{[%clk 0:11:55]} c3 {[%clk 0:16:03]} 55. Bxc3 {[%clk 0:08:38]} Rxg3
{[%clk 0:12:12]} 56. Bb2 {[%clk 0:08:54]} Bxh4 {[%clk 0:11:28]} 57. Kd1
{[%clk 0:08:49]} Rf3 {[%clk 0:09:31]} 58. Rxa2 {[%clk 0:04:42]} Rxf5
{[%clk 0:09:50]} 59. Ra6+ {[%clk 0:03:57]} Kd7 {[%clk 0:10:05]} 60. Ba3
{[%clk 0:03:49]} Bg3 {[%clk 0:10:19]} 61. Ke2 {[%clk 0:03:09]} Bxd6
{[%clk 0:10:00]} 62. Kd3 {[%clk 0:03:33]} h4 {[%clk 0:06:32]} 63. Kc4
{[%clk 0:04:00]} Rh5 {[%clk 0:06:12]} 0-1

[Event "escc2023_65"]
[Site "?"]
[Date "2023.05.30"]
[Round "5.4"]
[White "Rooze, Jan"]
[Black "Koehler, Gerhard"]
[Result "1/2-1/2"]
[BlackElo "2205"]
[WhiteElo "2268"]
[LiveChessVersion "1.4.8"]

1. e4 {[%clk 1:30:43]} c5 {[%clk 1:30:43]} 2. Nf3 {[%clk 1:31:07]} d6
{[%clk 1:31:00]} 3. Bb5+ {[%clk 1:31:32]} Nd7 {[%clk 1:30:59]} 4. Ba4
{[%clk 1:31:45]} Ngf6 {[%clk 1:31:02]} 5. O-O {[%clk 1:32:10]} e6
{[%clk 1:30:28]} 6. d3 {[%clk 1:30:55]} Be7 {[%clk 1:29:48]} 7. c4
{[%clk 1:31:14]} O-O {[%clk 1:29:48]} 8. Nc3 {[%clk 1:31:41]} Ne5
{[%clk 1:26:08]} 9. Ne1 {[%clk 1:05:38]} Qc7 {[%clk 1:23:54]} 10. f4
{[%clk 1:04:06]} Nc6 {[%clk 1:24:16]} 11. g4 {[%clk 1:02:50]} Nd4
{[%clk 1:16:47]} 12. g5 {[%clk 1:02:47]} Ne8 {[%clk 1:16:51]} 13. Ne2
{[%clk 0:53:07]} Nxe2+ {[%clk 1:04:54]} 14. Qxe2 {[%clk 0:53:27]} g6
{[%clk 1:05:08]} 15. Ng2 {[%clk 0:46:27]} Ng7 {[%clk 0:54:24]} 16. Ne3
{[%clk 0:46:15]} f5 {[%clk 0:54:14]} 17. gxf6 {[%clk 0:45:20]} Bxf6
{[%clk 0:53:59]} 18. Ng4 {[%clk 0:41:04]} Bd4+ {[%clk 0:49:33]} 19. Be3
{[%clk 0:41:03]} Bxe3+ {[%clk 0:46:41]} 20. Nxe3 {[%clk 0:30:04]} b6
{[%clk 0:42:31]} 21. Rf2 {[%clk 0:30:12]} Bb7 {[%clk 0:42:04]} 22. Raf1
{[%clk 0:29:28]} Rad8 23. Qg4 Kh8 {[%clk 0:40:52]} 24. Qg5 {[%clk 0:27:43]} d5
{[%clk 0:37:15]} 25. Bc2 {[%clk 0:14:13]} dxe4 {[%clk 0:27:17]} 26. dxe4
{[%clk 0:14:34]} Rd4 {[%clk 0:24:51]} 27. Qe5 Qxe5 {[%clk 0:17:57]} 28. fxe5
{[%clk 0:11:31]} Rxf2 {[%clk 0:18:23]} 29. Rxf2 {[%clk 0:11:55]} Nh5
{[%clk 0:18:39]} 30. Nd5 {[%clk 0:03:07]} Kg8 {[%clk 0:11:24]} 31. Nc3
{[%clk 0:02:45]} Bc6 {[%clk 0:11:15]} 32. b3 {[%clk 0:03:00]} Kg7
{[%clk 0:09:44]} 33. Ne2 {[%clk 0:03:11]} Rd2 {[%clk 0:08:04]} 34. Nf4
{[%clk 0:03:31]} Rxf2 {[%clk 0:07:46]} 35. Nxe6+ {[%clk 0:03:55]} Kf7
{[%clk 0:07:17]} 36. Ng5+ {[%clk 0:04:20]} Ke7 {[%clk 0:07:29]} 37. Kxf2
{[%clk 0:04:45]} h6 {[%clk 0:07:37]} 38. Nf3 {[%clk 0:03:57]} g5 {[%clk 0:07:43]}
39. Ke3 {[%clk 0:04:06]} Bd7 {[%clk 0:06:36]} 40. Ng1 {[%clk 0:02:30]} Nf4
{[%clk 0:05:54]} 41. Bd1 {[%clk 0:01:54]} Ng6 {[%clk 0:06:04]} 42. Ne2
{[%clk 0:26:15]} Nxe5 {[%clk 0:35:36]} 43. Nc3 {[%clk 0:26:41]} Bc6
{[%clk 0:33:47]} 44. Be2 {[%clk 0:24:33]} Kf6 {[%clk 0:33:48]} 45. Bh5
{[%clk 0:22:56]} Ke6 {[%clk 0:30:04]} 46. Ne2 {[%clk 0:22:41]} Kf6
{[%clk 0:28:53]} 47. Nc3 {[%clk 0:22:37]} Nf7 {[%clk 0:19:34]} 48. Nd1 1/2-1/2

[Event "escc2023_65"]
[Site "?"]
[Date "2023.05.30"]
[Round "5.5"]
[White "Ubezio, Marco"]
[Black "Gaprindashvili, Nona"]
[Result "1/2-1/2"]
[BlackElo "2274"]
[WhiteElo "2112"]
[LiveChessVersion "1.4.8"]

1. d4 {[%clk 1:30:57]} c5 {[%clk 1:30:50]} 2. d5 {[%clk 1:31:09]} e5
{[%clk 1:31:19]} 3. e4 {[%clk 1:31:29]} d6 {[%clk 1:31:41]} 4. Bb5+
{[%clk 1:31:42]} Bd7 {[%clk 1:31:09]} 5. a4 {[%clk 1:32:03]} g6 {[%clk 1:31:31]}
6. Na3 {[%clk 1:29:07]} a6 {[%clk 1:27:12]} 7. Bxd7+ {[%clk 1:29:06]} Nxd7
{[%clk 1:27:19]} 8. Bd2 {[%clk 1:25:38]} Qh4 {[%clk 1:25:54]} 9. Qe2
{[%clk 1:07:24]} Ngf6 {[%clk 1:26:08]} 10. Nf3 {[%clk 1:04:33]} Qxe4
{[%clk 1:25:42]} 11. Qxe4 {[%clk 1:00:06]} Nxe4 {[%clk 1:26:08]} 12. a5
{[%clk 0:57:37]} Nxd2 {[%clk 1:24:01]} 13. Nxd2 {[%clk 0:55:27]} f5
{[%clk 1:22:00]} 14. Nac4 {[%clk 0:54:14]} O-O-O {[%clk 1:18:13]} 15. h4
{[%clk 0:52:46]} Kc7 {[%clk 1:18:13]} 16. Nf3 {[%clk 0:50:34]} h6
{[%clk 1:18:17]} 17. h5 {[%clk 0:47:57]} g5 {[%clk 1:11:22]} 18. Ne3
{[%clk 0:43:36]} f4 {[%clk 1:10:15]} 19. Ng4 {[%clk 0:40:23]} Bg7
{[%clk 0:59:58]} 20. O-O-O {[%clk 0:33:21]} b5 {[%clk 0:51:30]} 21. Nd2
{[%clk 0:25:11]} Nf6 {[%clk 0:44:22]} 22. Nxf6 {[%clk 0:25:32]} Bxf6
{[%clk 0:44:47]} 23. Ne4 {[%clk 0:25:56]} Rdf8 {[%clk 0:44:54]} 24. c3
{[%clk 0:24:10]} c4 {[%clk 0:42:45]} 25. Kc2 {[%clk 0:23:47]} Kd7
{[%clk 0:42:19]} 26. g4 {[%clk 0:23:28]} fxg3 {[%clk 0:41:31]} 27. fxg3
{[%clk 0:23:17]} Bd8 {[%clk 0:40:14]} 28. Rhf1 {[%clk 0:21:05]} Rhg8
{[%clk 0:32:12]} 29. Kd2 {[%clk 0:20:19]} Ke7 {[%clk 0:30:51]} 30. Ke2
{[%clk 0:19:37]} Bc7 {[%clk 0:26:48]} 31. Ra1 {[%clk 0:17:37]} Bb8
{[%clk 0:19:20]} 32. Nf2 {[%clk 0:17:32]} g4 {[%clk 0:17:26]} 33. Ne4
{[%clk 0:16:45]} Bc7 {[%clk 0:17:36]} 34. Rxf8 {[%clk 0:16:20]} Rxf8
{[%clk 0:18:04]} 35. Nf2 {[%clk 0:13:01]} Rf5 {[%clk 0:13:02]} 36. Rh1
{[%clk 0:12:37]} Rg5 {[%clk 0:11:57]} 37. Ne4 {[%clk 0:12:54]} Rf5
{[%clk 0:10:44]} 38. Rh4 {[%clk 0:11:06]} Kf7 {[%clk 0:10:26]} 39. Rh1
{[%clk 0:07:55]} Ke7 {[%clk 0:08:30]} 40. Nf2 {[%clk 0:07:33]} Rg5
{[%clk 0:08:36]} 41. Ne4 1/2-1/2

[Event "escc2023_65"]
[Site "?"]
[Date "2023.05.30"]
[Round "5.6"]
[White "Iudicello, Giovanni"]
[Black "Schulz, Michael"]
[Result "0-1"]
[BlackElo "2215"]
[WhiteElo "2081"]
[LiveChessVersion "1.4.8"]

1. e4 {[%clk 1:30:56]} c5 {[%clk 1:30:47]} 2. Nf3 {[%clk 1:31:16]} Nc6
{[%clk 1:31:10]} 3. Nc3 {[%clk 1:30:58]} g6 {[%clk 1:31:31]} 4. g3
{[%clk 1:28:03]} Bg7 {[%clk 1:31:49]} 5. Bg2 {[%clk 1:28:28]} d6 {[%clk 1:30:53]}
6. d3 {[%clk 1:28:41]} e6 {[%clk 1:30:30]} 7. O-O {[%clk 1:28:47]} Nge7
{[%clk 1:30:53]} 8. Be3 {[%clk 1:28:36]} Nd4 {[%clk 1:29:42]} 9. Qd2
{[%clk 1:27:06]} O-O {[%clk 1:29:20]} 10. Bh6 {[%clk 1:26:19]} Nec6
{[%clk 1:28:52]} 11. Bxg7 {[%clk 1:25:31]} Kxg7 {[%clk 1:29:16]} 12. Nxd4
{[%clk 1:20:51]} Nxd4 {[%clk 1:26:21]} 13. Rae1 {[%clk 1:19:01]} Qa5
{[%clk 1:24:15]} 14. f4 {[%clk 1:17:40]} Bd7 {[%clk 1:21:20]} 15. Qf2
{[%clk 0:36:52]} Qb6 {[%clk 1:14:54]} 16. Nd1 {[%clk 0:36:24]} Rae8
{[%clk 1:12:54]} 17. c3 {[%clk 0:35:26]} Nc6 {[%clk 1:12:37]} 18. Ne3
{[%clk 0:35:15]} Ne7 {[%clk 1:09:34]} 19. g4 {[%clk 0:34:04]} f5 {[%clk 1:08:19]}
20. h3 {[%clk 0:30:57]} Qc7 {[%clk 1:03:19]} 21. Qg3 {[%clk 0:23:01]} Kh8
{[%clk 0:59:12]} 22. h4 {[%clk 0:21:52]} b5 {[%clk 0:56:13]} 23. b3
{[%clk 0:18:03]} Rf7 {[%clk 0:54:48]} 24. Rf2 {[%clk 0:17:42]} Qa5
{[%clk 0:54:15]} 25. c4 {[%clk 0:17:03]} Qxe1+ {[%clk 0:54:34]} 0-1

[Event "escc2023_65"]
[Site "?"]
[Date "2023.05.30"]
[Round "5.7"]
[White "Fischdick, Gisela"]
[Black "Brongers, Henk"]
[Result "1/2-1/2"]
[BlackElo "2036"]
[WhiteElo "2205"]
[LiveChessVersion "1.4.8"]

1. d4 {[%clk 1:30:49]} Nf6 {[%clk 1:30:53]} 2. c4 {[%clk 1:30:47]} g6
{[%clk 1:31:12]} 3. Nc3 {[%clk 1:31:10]} Bg7 {[%clk 1:31:35]} 4. e4
{[%clk 1:31:20]} d6 {[%clk 1:31:57]} 5. f3 {[%clk 1:31:03]} O-O {[%clk 1:32:16]}
6. Be3 {[%clk 1:31:12]} a6 {[%clk 1:25:50]} 7. Qd2 {[%clk 1:28:02]} Nbd7
{[%clk 1:25:54]} 8. Nge2 {[%clk 1:22:25]} b5 {[%clk 1:25:42]} 9. cxb5
{[%clk 1:20:53]} axb5 {[%clk 1:26:06]} 10. Nxb5 {[%clk 1:20:53]} c6
{[%clk 1:26:27]} 11. Nbc3 {[%clk 1:20:29]} Bb7 {[%clk 1:13:55]} 12. Nc1
{[%clk 1:16:30]} e5 {[%clk 1:13:22]} 13. dxe5 {[%clk 1:12:44]} Nxe5
{[%clk 1:13:31]} 14. Be2 {[%clk 1:10:20]} Qe7 {[%clk 1:09:22]} 15. O-O
{[%clk 1:08:12]} Rfd8 {[%clk 1:07:43]} 16. Nb3 {[%clk 1:05:11]} d5
{[%clk 1:06:47]} 17. Bc5 {[%clk 1:00:53]} Qc7 {[%clk 1:06:04]} 18. Qe3
{[%clk 0:51:21]} Re8 {[%clk 0:58:51]} 19. Bb6 {[%clk 0:50:14]} Qb8
{[%clk 0:55:50]} 20. Qf2 {[%clk 0:47:45]} Ba6 {[%clk 0:52:56]} 21. Bxa6
{[%clk 0:45:05]} Rxa6 {[%clk 0:53:16]} 22. Bd4 {[%clk 0:45:00]} dxe4
{[%clk 0:46:17]} 23. fxe4 {[%clk 0:43:03]} Ra8 {[%clk 0:36:37]} 24. Rad1
{[%clk 0:34:07]} Re6 {[%clk 0:15:15]} 25. h3 {[%clk 0:32:01]} Nfd7
{[%clk 0:13:14]} 26. Be3 {[%clk 0:27:09]} Qe8 {[%clk 0:12:43]} 27. Qe2
{[%clk 0:23:29]} Rf6 {[%clk 0:11:26]} 28. Rxf6 {[%clk 0:23:10]} Nxf6
{[%clk 0:11:09]} 29. Bg5 {[%clk 0:21:40]} Nfd7 {[%clk 0:11:15]} 30. Be3
{[%clk 0:16:59]} Qe7 {[%clk 0:10:48]} 31. Bf2 {[%clk 0:09:55]} Qe6
{[%clk 0:09:03]} 32. Nd4 {[%clk 0:09:40]} Qe7 {[%clk 0:07:26]} 33. Nb3
{[%clk 0:09:39]} Qe6 {[%clk 0:07:36]} 34. Nd4 {[%clk 0:09:58]} 1/2-1/2

[Event "escc2023_65"]
[Site "?"]
[Date "2023.05.30"]
[Round "5.8"]
[White "Kortis, Wim"]
[Black "Luciani, Carlo"]
[Result "0-1"]
[BlackElo "2197"]
[WhiteElo "2110"]
[LiveChessVersion "1.4.8"]

1. Nf3 {[%clk 1:30:53]} Nf6 {[%clk 1:29:17]} 2. c4 {[%clk 1:31:06]} g6
{[%clk 1:29:40]} 3. g3 {[%clk 1:31:23]} Bg7 {[%clk 1:29:38]} 4. Bg2
{[%clk 1:31:35]} O-O {[%clk 1:29:47]} 5. Nc3 {[%clk 1:31:52]} d6 {[%clk 1:30:10]}
6. O-O {[%clk 1:31:50]} Nc6 {[%clk 1:30:33]} 7. Rb1 {[%clk 1:31:11]} a5
{[%clk 1:30:19]} 8. d3 {[%clk 1:30:40]} h6 {[%clk 1:30:31]} 9. a3
{[%clk 1:30:42]} e5 {[%clk 1:30:53]} 10. b4 {[%clk 1:30:26]} axb4
{[%clk 1:31:14]} 11. axb4 {[%clk 1:30:50]} Be6 {[%clk 1:31:36]} 12. b5
{[%clk 1:30:37]} Ne7 {[%clk 1:32:00]} 13. Bb2 {[%clk 1:30:34]} Qd7
{[%clk 1:32:02]} 14. Qb3 {[%clk 1:29:38]} c6 {[%clk 1:22:54]} 15. Ra1
{[%clk 1:27:12]} Nh7 {[%clk 1:11:19]} 16. Rxa8 {[%clk 1:23:48]} Rxa8
{[%clk 1:11:32]} 17. Ra1 {[%clk 1:23:51]} Rxa1+ {[%clk 1:10:30]} 18. Bxa1
{[%clk 1:24:09]} Nf8 {[%clk 1:00:18]} 19. bxc6 {[%clk 1:15:57]} bxc6
{[%clk 1:00:20]} 20. Bb2 {[%clk 1:09:57]} d5 {[%clk 0:53:01]} 21. Nd2
{[%clk 1:01:53]} e4 {[%clk 0:47:08]} 22. Na4 {[%clk 0:54:12]} dxc4
{[%clk 0:44:00]} 23. Nxc4 {[%clk 0:54:08]} Bxb2 {[%clk 0:34:44]} 24. Naxb2
{[%clk 0:52:43]} exd3 {[%clk 0:34:28]} 25. Qxd3 {[%clk 0:51:32]} Qb7
{[%clk 0:32:34]} 26. h4 {[%clk 0:42:15]} Qb4 {[%clk 0:30:19]} 27. Qd2
{[%clk 0:41:32]} c5 {[%clk 0:29:05]} 28. Qc1 {[%clk 0:35:20]} Nd7
{[%clk 0:28:23]} 29. Be4 {[%clk 0:33:07]} Nf5 {[%clk 0:22:40]} 30. e3
{[%clk 0:27:19]} Nf6 {[%clk 0:22:00]} 31. Bd3 {[%clk 0:21:20]} Ng4
{[%clk 0:17:24]} 32. Be2 {[%clk 0:12:55]} h5 {[%clk 0:16:05]} 33. Bxg4
{[%clk 0:11:29]} hxg4 {[%clk 0:16:27]} 34. Ne5 {[%clk 0:11:25]} Qe4
{[%clk 0:14:33]} 35. Ned3 {[%clk 0:05:00]} Bd5 {[%clk 0:13:34]} 36. Kf1
{[%clk 0:05:22]} c4 {[%clk 0:03:47]} 37. Ne1 {[%clk 0:05:38]} Ng7
{[%clk 0:02:40]} 38. Nd1 {[%clk 0:04:48]} Ne6 {[%clk 0:02:21]} 39. Qc2
{[%clk 0:03:12]} Qh1+ {[%clk 0:02:29]} 40. Ke2 {[%clk 0:03:36]} Nc5
{[%clk 0:02:13]} 41. Nc3 {[%clk 0:01:53]} Bf3+ {[%clk 0:00:45]} 42. Nxf3
{[%clk 0:28:24]} gxf3+ {[%clk 0:31:02]} 0-1

[Event "escc2023_65"]
[Site "?"]
[Date "2023.05.30"]
[Round "5.9"]
[White "Polster, Wolfgang"]
[Black "Strand, Kjetil"]
[Result "1-0"]
[BlackElo "1942"]
[WhiteElo "2189"]
[LiveChessVersion "1.4.8"]

1. d4 {[%clk 1:30:47]} d5 {[%clk 1:30:46]} 2. Nc3 {[%clk 1:31:01]} Nf6
{[%clk 1:30:17]} 3. Bf4 {[%clk 1:30:58]} c6 {[%clk 1:29:04]} 4. e3
{[%clk 1:30:21]} Bf5 {[%clk 1:28:22]} 5. Bd3 {[%clk 1:29:45]} Bxd3
{[%clk 1:26:45]} 6. cxd3 {[%clk 1:29:58]} e6 {[%clk 1:26:10]} 7. Nf3
{[%clk 1:27:43]} Nbd7 {[%clk 1:16:21]} 8. h3 {[%clk 1:26:29]} Be7
{[%clk 1:13:57]} 9. O-O {[%clk 1:26:01]} O-O {[%clk 1:14:02]} 10. Rb1
{[%clk 1:20:14]} a5 {[%clk 1:10:14]} 11. a3 {[%clk 1:17:50]} b5 {[%clk 1:04:57]}
12. a4 {[%clk 1:15:29]} Qb6 {[%clk 1:01:10]} 13. Re1 {[%clk 1:07:27]} b4
{[%clk 0:59:12]} 14. Ne2 {[%clk 1:07:41]} c5 {[%clk 0:58:25]} 15. dxc5
{[%clk 1:06:54]} Bxc5 {[%clk 0:57:00]} 16. Ned4 {[%clk 1:02:50]} Bxd4
{[%clk 0:54:53]} 17. exd4 {[%clk 1:03:12]} Rac8 {[%clk 0:54:32]} 18. Qb3
{[%clk 0:59:31]} h6 {[%clk 0:53:41]} 19. Rbc1 {[%clk 0:59:07]} Rfe8
{[%clk 0:50:24]} 20. Rc2 {[%clk 0:59:02]} Rxc2 {[%clk 0:44:37]} 21. Qxc2
{[%clk 0:58:55]} Qa6 {[%clk 0:43:36]} 22. Rc1 {[%clk 0:58:42]} Nb6
{[%clk 0:42:48]} 23. Qd1 {[%clk 0:52:42]} Rc8 {[%clk 0:41:47]} 24. Bc7
{[%clk 0:49:58]} Nbd7 {[%clk 0:33:03]} 25. Rc2 {[%clk 0:46:52]} Ne8
{[%clk 0:28:54]} 26. Bf4 {[%clk 0:47:05]} f6 {[%clk 0:26:38]} 27. Qc1
{[%clk 0:46:54]} Rxc2 {[%clk 0:23:23]} 28. Qxc2 {[%clk 0:47:16]} Kf7
{[%clk 0:22:58]} 29. g4 {[%clk 0:38:56]} g5 {[%clk 0:18:26]} 30. Bg3
{[%clk 0:39:05]} Ke7 {[%clk 0:11:28]} 31. h4 {[%clk 0:38:35]} Qb7
{[%clk 0:09:07]} 32. hxg5 {[%clk 0:36:29]} hxg5 {[%clk 0:09:22]} 33. Nd2
{[%clk 0:36:26]} e5 {[%clk 0:07:46]} 34. dxe5 {[%clk 0:36:33]} fxe5
{[%clk 0:07:44]} 35. Nf3 {[%clk 0:35:06]} Kf6 {[%clk 0:07:10]} 36. Qc1
{[%clk 0:35:02]} Qc7 {[%clk 0:06:37]} 37. Qxg5+ {[%clk 0:35:05]} Ke6
{[%clk 0:06:50]} 38. Qg8+ {[%clk 0:29:56]} Ke7 {[%clk 0:05:58]} 39. Bh4+
{[%clk 0:28:28]} Nef6 {[%clk 0:05:36]} 40. Qg7+ {[%clk 0:27:45]} Ke6
{[%clk 0:04:29]} 41. Bxf6 {[%clk 0:27:55]} Qc1+ {[%clk 0:04:40]} 42. Kg2
{[%clk 0:28:18]} Nxf6 {[%clk 0:04:38]} 43. Ng5+ {[%clk 0:28:42]} 1-0